Las reuniones de trabajo: cómo planificarlas, organizarlas y dirigirlas en forma eficaz

Salvato in:
Dettagli Bibliografici
Autore principale: Thomsett, Michael C (Autore)
Natura: Libro
Lingua:spagnolo
Pubblicazione: Bogotá Norma 1991
Serie:Desarrollo gerencial
Soggetti:
Tags: Aggiungi Tag
Nessun Tag, puoi essere il primo ad aggiungerne!!

MARC

LEADER 00000nam a2200000 a 4500
001 UCW7203
003 CL-VaPUC
008 920924e19910000CK |||||||||||||||||spa|d
082 0 4 |a 658.4  |b THO  |2 21 
100 0 |a Thomsett, Michael C  |e author  |9 312370 
245 1 4 |a Las reuniones de trabajo: cómo planificarlas, organizarlas y dirigirlas en forma eficaz 
300 |a 195 p 
942 |c BK 
945 |d 19920924 00:00:00 
260 |a Bogotá  |b Norma  |c 1991 
650 0 |a Reuniones  |9 310711 
650 0 |a Administración de empresas   |9 260833 
583 |a last modification  |c 19920924 00:00:00  |k Rodrigo Vera 
490 0 |a Desarrollo gerencial 
999 |c 220054  |d 220052 
952 |0 0  |1 0  |4 0  |6 658_400000000000000_THO_1991  |7 0  |8 A  |9 211793  |a BIBEDU  |b BIBEDU  |d 2019-11-15  |i 2799294  |o 658.4 THO 1991  |p 2799294  |r 2019-11-15  |w 2019-11-15  |y BK  |k EDU